| Поле | Название | Значение |
| |
Тип записи |
a |
| |
Библиографический уровень |
m |
| 001 |
Контрольный номер |
RU/SLIB/B/208754174 |
| 005 |
Дата корректировки |
20250211163658.4 |
| 010 |
Индекс ISBN |
__ |
| a |
ISBN |
5-85200-137-6 |
| d |
Цена |
150-00; 50-00; 1-50 |
| 100 |
Данные общей обработки |
__ |
| a |
Данные общей обработки |
19180507d1990||||||| 0rusy0189 ca |
| 101 |
Язык документа |
0_ |
| a |
Язык текста |
rus |
| 102 |
Страна публикации |
__ |
| a |
Страна публикации |
ru| |
| 105 |
Кодированные данные (монография) |
__ |
| a |
Кодированные данные (монография) |
a|||||||000zy |
| 200 |
Заглавие и сведения об ответственности |
1_ |
| a |
Заглавие |
А. Рублев. Из собрания Государственной Третьяковской галереи |
| e |
Сведения, относящиеся к заглавию |
альбом |
| f |
Первые сведения об ответственности |
автор-составитель Э. К. Гусева |
| b |
Общее обозначение материала |
Текст |
| 210 |
Выходные данные |
1_ |
| a |
Место издания |
Москва |
| c |
Издательство |
Изобразительное искусство |
| d |
Дата издания |
1990 |
| 215 |
Физическое описание |
__ |
| a |
Объем |
48 с. |
| c |
Иллюстрации/тип воспроизводства |
ил. |
| d |
Формат |
28 см |
| 300 |
Общие примечания |
__ |
| a |
Общие примечания |
200000 экз. |
| 330 |
Аннотация |
__ |
| a |
Аннотация |
В альбом включены репродукции картин известного русского живописца Андрея Рублева из собрания Государственной Третьяковской галереи. Помимо репродукций альбом включает очерк о жизни и творчестве художника. |
| 517 |
Другие варианты заглавия |
1_ |
| a |
Другие варианты заглавия |
Из собрания Государственной Третьяковской галереи |
| 600 |
Персоналии |
_1 |
| a |
Персоналии (Фамилия) |
Андрей Рублев |
| c |
Дополнение к имени |
художник |
| f |
Даты |
ок. 1370-1430 |
| 600 |
Персоналии |
_1 |
| a |
Персоналии (Фамилия) |
Рублев, А. |
| c |
Дополнение к имени |
художник |
| f |
Даты |
ок.1360-1430 |
| g |
Полное имя |
Андрей |
| 601 |
Наименование организации как предмет |
02 |
| a |
Наименование организации как предмет |
Государственная Третьяковская галерея |
| 601 |
Наименование организации как предмет |
02 |
| a |
Наименование организации как предмет |
Третьяковская галерея |
| 606 |
Тематические рубрики |
__ |
| a |
Основная рубрика |
Изобразительное искусство и архитектура |
| 606 |
Тематические рубрики |
__ |
| a |
Основная рубрика |
История живописи |
| y |
Географическая подрубрика |
Россия |
| 610 |
Ключевые слова |
0_ |
| a |
Ключевые слова |
иконопись |
| a |
Ключевые слова |
иконы |
| a |
Ключевые слова |
картины |
| a |
Ключевые слова |
персоналии |
| a |
Ключевые слова |
русская живопись |
| a |
Ключевые слова |
творчество |
| a |
Ключевые слова |
творчество художников |
| a |
Ключевые слова |
художники |
| 686 |
Индексы других классификаций |
__ |
| 2 |
Код системы |
rubbks |
| a |
Классификационный индекс |
85.143(2=411.2)4-8л611 |
| 686 |
Индексы других классификаций |
__ |
| 2 |
Код системы |
rubbks |
| a |
Классификационный индекс |
85.101 |
| 702 |
Вторичная интеллектуальная ответственность |
_1 |
| a |
Фамилия |
Гусева |
| b |
Имя |
Э. К. |
| 4 |
Код отношения |
Составитель |
| 4 |
Код отношения |
220 |
| 711 |
Наименование организации. (Альтернативная ответственность) |
02 |
| a |
Организация/ юрисдикция |
Третьяковская галерея |
| 711 |
Наименование организации. (Альтернативная ответственность) |
02 |
| a |
Организация/ юрисдикция |
Государственная Третьяковская галерея, Всероссийское музейное объединение |
| 801 |
Источник записи |
_0 |
| a |
Страна |
ru |
| b |
Организация |
Муниципальное бюджетное учреждение культуры "Централизованная библиотечная система" г. Сургут (Центральная городская библиотека им. А. С. Пушкина) |
| c |
Дата составления |
20180507 |
| g |
Правила каталогизации |
RCR |
| 801 |
Источник записи |
_1 |
| a |
Страна |
ru |
| b |
Организация |
Муниципальное бюджетное учреждение культуры "Централизованная библиотечная система" г. Сургут (Центральная городская библиотека им. А. С. Пушкина) |
| c |
Дата составления |
20180507 |
| g |
Правила каталогизации |
RCR |
| 852 |
Данные о местонахождении |
__ |
| j |
Шифр хранения |
85.143(2=411.2)4-8л611 |
| c |
Каталожный индекс |
85.143(2)1-8л6, 85.101 |
| i |
Авторский знак |
Р 82 |
| p |
Инвентарный номер |
Б/Н |
| 901 |
Тип документа |
__ |
| t |
Тип документа |
m |
| a |
Ответственный |
КиК/Уланова; КиК/Апакова |
| 903 |
Характеристики (МАРС) |
__ |
| a |
Дата передачи |
20180507; 20140819 |
| 969 |
Тип издания |
__ |
| a |
Тип издания |
альбом; брошюра |
| 990 |
Данные о заказе (DOS) |
__ |
| j |
Количество экземпляров (DOS) |
1; 1; 2 |
| t |
N записи в КСУ для И/У (DOS) |
201805; 201408 |
| h |
N записи в КСУ для Б/У (DOS) |
199301 |